River Names - Sudden Death #2 - Statistics

General Stats
  • This quiz has been taken 42 times
    33 since last reset
  • The average score is 6 of 14
Answers on the Grid
Answers color-coded by a green-red scale on the quiz's grid according to % correct below.
Alexandria
Alofi
Amur
Arkansas
Bison
Bosna
Burgundy
Ceylon
Dnieper
Fly
Iguazu
Ladoga
Loire
Malawi
Manitoba
Murray
Oder
Okavango
Punjabi
Senegal
Severn
Suriname
Uruguay
Uzbek
 
Answer Stats
Answer % Correct
Amur
74%
Dnieper
74%
Loire
74%
Oder
65%
Murray
57%
Severn
57%
Arkansas
43%
Okavango
30%
Senegal
30%
Uruguay
26%
Iguazu
22%
Bosna
17%
Fly
17%
Suriname
4%
No matching quizzes found
Score Distribution
Percent of People with Each Score
Percentile by Number Answered
Your Score History
You have not taken this quiz since the last reset